000 00882nam a22002297a 4500
999 _c7389
_d7389
003 AR-CdUCM
008 190320b ||||| |||| 00| 0 spa d
040 _aMUNICIPALIDAD PROVINCIAL DEL CUSCO
_cBIBLIOTECA MUNICIPAL DEL CUSCO
082 _a632.7 /
_bB73
100 _aBonnemaison, L.
_920826
245 _aEnemigos Animales :
_bDe las plantas cultivadas y forestales /
260 _aBarcelona :
_bEdiciones de Occidente,
_c1965.
300 _a3 tomos ;
_bilustraciones, tablas, dibujos, graficos
_c24 cm.
500 _a3 tomos
505 _aContenido: t.2 orden coleopteros -- orden lepidopteros -- t.3 orden dipteros -- himenopteros -- tratamientos generales -- enemigos animales -- materias
650 _aEnemigos
_91268
650 _aAnimales
_9917
650 _aDiferentes especies
_920827
700 _aguerrera, Francisca
_920828
942 _2ddc
_cLIBROS
945 _apjha